| 000 | 00422nam a2200157Ia 4500 | ||
|---|---|---|---|
| 008 | 140306s9999 xx 000 0 und d | ||
| 020 | _a8174450246 | ||
| 041 | _aeng | ||
| 082 |
_a307.1412 _bBHO/RU |
||
| 100 | _aBhola, Nath Ghosh | ||
| 245 | _aRural leadership and development (Observation and experiences) | ||
| 260 |
_aNew Delhi _bMohit publications _c1996 |
||
| 300 | _a209 | ||
| 365 | _bRs.350 | ||
| 942 |
_2ddc _cBK |
||
| 999 |
_c183086 _d183086 |
||